| 000 | 03016 a2200469 4500 | ||
|---|---|---|---|
| 020 | _a047156026X | ||
| 020 | _a9780471560265 | ||
| 082 | 0 | 4 | _a658.84 |
| 090 |
_c268 _d268 |
||
| 100 | 1 | _aBanks, Erik. | |
| 245 | 1 | 0 |
_aE-finance : _bthe electronic revolution / _cErik Banks. |
| 250 | _a1st ed. | ||
| 260 |
_a[S.l.] : _bWiley, _c2001. |
||
| 300 |
_a220 p. ; _c24 cm. |
||
| 500 | _aHardcover. | ||
| 520 | _ae-Finance: The Electronic Revolution is the first comprehensive and practical attempt to chart the history, progress and future of B2B and B2C electronic financial services. It explains clearly and concisely how and why the world of retail and institutional finance has started a migration from conventional foundations to computerized, Internet-driven practices, and considers where such efforts will ultimately lead. Industry examples from different countries and markets are included throughout the book to illustrate the expansion, failures, successes, and future of electronic finance. The book is aimed at a general financial audience and includes specific discussion about: the key elements that have made electronic commerce a reality, focusing on the creation and expansion of the Internet/advances in communications/computers ( technology) , the development of e-commerce business models ( ideas ), and the availability of venture capital/equity to fund growth ( capital ); the nature of the financial products, services and information that are available to institutional and individual customers around the world (along with their relative costs, benefits, and drawbacks); the advantages/disadvantages of traditional and virtual finance, potential areas of growth and consolidation, and the future path of the industry in a rapidly-changing environment (with a particular focus on competition and market structures). | ||
| 650 | 4 | _aBusiness/Economics. | |
| 650 | 4 | _aComputing: Consumer Books ('Technical Trade') | |
| 650 | 4 | _aApplications of Computing. | |
| 650 | 4 | _aComputer science. | |
| 650 | 4 | _aInternet guides & online services. | |
| 650 | 4 | _aInvestment & securities. | |
| 650 | 4 | _aBusiness / Economics / Finance. | |
| 650 | 4 | _aBusiness & Economics. | |
| 650 | 4 | _aComputer networks. | |
| 650 | 4 | _aFinancial services industry. | |
| 650 | 4 | _aAccounting - General. | |
| 650 | 4 | _aBusiness & Economics / Finance. | |
| 650 | 4 | _aBusiness & Economics : Accounting - General. | |
| 650 | 4 | _aBusiness & Economics : E-Commerce - Online Banking. | |
| 650 | 4 | _aCOMPUTERS / Internet / General. | |
| 650 | 4 | _aE-Commerce - Online Banking. | |
| 650 | 4 | _aFinance. | |
| 650 | 4 | _aElectronic commerce. | |
| 650 | 4 | _aElectronic commerce. | |
| 650 | 4 | _aFinancial services industry - Computer networks. | |
| 650 | 4 | _aInternet. | |
| 650 | 4 | _aInternet. | |
| 856 | 4 | 0 |
_3Amazon.com _uhttp://www.amazon.com/exec/obidos/ASIN/047156026X/chopaconline-20 |
| 856 | 4 | 0 |
_3Amazon customer reviews _uhttp://www.chopac.org/cgi-bin/tools/azrev.pl?q=047156026X |
| 942 |
_aNBS _cBK _k658.84 BAN |
||
| 999 |
_c342838 _d342838 |
||